Quick Pick: FIFA World Cup Winners Quiz Stats

 Plays Quiz Updated Sep 20, 2017

Challenge
Share
Tweet
Embed
Score 0/8 Timer 01:00
12 Plays Today
% Correct
Brazil
94.4%
Germany
94.2%
Spain
92.4%
France
91.5%
Italy
91.5%
England
89.9%
Argentina
88.4%
Uruguay
79.5%

Today's Daily Dose

You're not logged in!

Compare scores with friends on all Sporcle quizzes.
OR
Log In

You Might Also Like...

Show Comments

Extras

Top Quizzes Today


Score Distribution

Your Account Isn't Verified!

In order to create a playlist on Sporcle, you need to verify the email address you used during registration. Go to your Sporcle Settings to finish the process.

Report this User

Report this user for behavior that violates our Community Guidelines.

Details: